Caste Women and Bhakti: A Quest for Social Justice (Record no. 395857)

MARC details
000 -LEADER
fixed length control field 00342 a2200133 4500
000 - LEADER
fixed length control field nam a22 7a 4500
100 ## - MAIN ENTRY--PERSONAL NAME
Personal name Sahil
110 ## - MAIN ENTRY--CORPORATE NAME
Corporate name or jurisdiction name as entry element Sahil
245 ## - TITLE STATEMENT
Title Caste Women and Bhakti: A Quest for Social Justice
250 ## - EDITION STATEMENT
Edition statement Latest edition
260 ## - PUBLICATION, DISTRIBUTION, ETC.
Name of publisher, distributor, etc. Cambridge Book House
Date of publication, distribution, etc. 2025
264 ## - PRODUCTION, PUBLICATION, DISTRIBUTION, MANUFACTURE, AND COPYRIGHT NOTICE
Name of producer, publisher, distributor, manufacturer Cambridge Book House
Date of production, publication, distribution, manufacture, or copyright notice 2025
942 ## - ADDED ENTRY ELEMENTS (KOHA)
Koha item type Books
Holdings
Date last seen Total checkouts Barcode Cost, replacement price Price effective from Koha item type Lost status Source of classification or shelving scheme Damaged status Not for loan Withdrawn status Home library Current library Date acquired Source of acquisition Cost, normal purchase price
27/01/2026   444889 2195.00 27/01/2026 Books   Dewey Decimal Classification       VIVEKANANDA LIBRARY VIVEKANANDA LIBRARY 27/01/2026 13 1646.25
© Designed and Maintained by Vivekananda Library, MDU Rohtak